[Event "Parana-ch"]
[Site "Maringa"]
[Date "2019.12.15"]
[Round "7"]
[White "Mascarello, Lucas Landoski"]
[Black "Loss, Victor Pinheiro Cos"]
[Result "1/2-1/2"]
[WhiteElo "1287"]
[BlackElo "1468"]
[PlyCount "58"]
[EventDate "2019.12.12"]
[EventType "swiss"]
[EventRounds "7"]
[EventCountry "BRA"]
[SourceTitle "CBM 193 Extra"]
[Source "ChessBase"]
[SourceDate "2020.01.31"]
[SourceVersion "1"]
[SourceVersionDate "2020.01.31"]
[SourceQuality "1"]

1. e4 c5 2. Nf3 g6 3. d4 cxd4 4. Nxd4 Nc6 5. c3 Bg7 6. Nxc6 dxc6 7. Qxd8+ Kxd8 8. Nd2 Nf6 9. Bd3 Bh6 10. Nf3 Bxc1 11. Rxc1 Kc7 12. 0-0 Nd7 13. Rfe1 h6 14. e5 Nc5 15. Rcd1 Nxd3 16. Rxd3 Bf5 17. Rd4 Rhd8 18. Red1 Rxd4 19. Rxd4 Rd8 20. Rxd8 Kxd8 21. Nd4 Kd7 22. Nxf5 gxf5 23. f4 Ke6 24. c4 b5 25. b3 bxc4 26. bxc4 f6 27. exf6 Kxf6 28. Kf2 e5 29. g3 exf4 1/2-1/2

[Event "Parana-ch"]
[Site "Maringa"]
[Date "2019.12.12"]
[Round "2"]
[White "Mascarello, Lucas Landoski"]
[Black "Coppula, Pablo de Oliveira"]
[Result "0-1"]
[WhiteElo "1287"]
[BlackElo "1800"]
[PlyCount "41"]
[EventDate "2019.12.12"]
[EventType "swiss"]
[EventRounds "7"]
[EventCountry "BRA"]
[SourceTitle "CBM 193 Extra"]
[Source "ChessBase"]
[SourceDate "2020.01.31"]
[SourceVersion "1"]
[SourceVersionDate "2020.01.31"]
[SourceQuality "1"]

1. e4 e6 2. d4 d5 3. Nd2 c5 4. c3 Nc6 5. Bd3 cxd4 6. exd5 dxc3 7. dxc6 cxd2+ 8. Bxd2 Qxd3 9. Qa4 b5 10. Qf4 Bd6 11. Qg5 Qe4+ 12. Ne2 Qe5 13. Qxe5 Bxe5 14. Bc3 Bxc3+ 15. Nxc3 a6 16. 0-0-0 Ne7 17. Rd6 Nf5 18. Rd3 0-0 19. Rhd1 Ne7 20. c7 Bb7 21. Rd8 0-1

[Event "Paranaense-ch U20"]
[Site "Pirai do Sul"]
[Date "2019.07.14"]
[Round "5.6"]
[White "Colaco, Willian Wagner Soar"]
[Black "Mascarello, Lucas Landoski"]
[Result "1/2-1/2"]
[WhiteElo "1589"]
[BlackElo "1312"]
[PlyCount "124"]
[EventDate "2019.07.12"]
[EventType "swiss"]
[EventRounds "6"]
[EventCountry "BRA"]
[SourceTitle "EXT 2022"]
[Source "ChessBase"]
[SourceDate "2021.10.06"]
[SourceVersion "1"]
[SourceVersionDate "2021.10.06"]
[SourceQuality "1"]

1. d4 d5 2. Nf3 Nf6 3. Bg5 Bf5 4. e3 h6 5. Bh4 e6 6. Bd3 Bxd3 7. Qxd3 c5 8. Qb5+ Qd7 9. Qxd7+ Nbxd7 10. c3 Rc8 11. Nbd2 Bd6 12. Bg3 Bxg3 13. hxg3 cxd4 14. exd4 0-0 15. 0-0 b5 16. a4 bxa4 17. Rxa4 Rb8 18. b3 Rb7 19. Rfa1 Rfb8 20. Rxa7 Ne8 21. Kf1 Nd6 22. Ke2 Nb5 23. Rxb7 Rxb7 24. Kd3 Nf6 25. Ra8+ Kh7 26. c4 Nc7 27. Ra1 Ng4 28. Ke2 dxc4 29. bxc4 f6 30. Ne1 h5 31. Nd3 Rb8 32. Ra7 Ne8 33. f3 Nh6 34. Nc5 Nd6 35. Nxe6 Re8 36. d5 Nhf5 37. Kd3 Re7 38. Rxe7 Nxe7 39. c5 Ndf5 40. g4 hxg4 41. fxg4 Nh6 42. d6 Nc6 43. Kc4 Nxg4 44. Nf3 Ne3+ 45. Kb5 Nb8 46. c6 Nf5 47. d7 Nd6+ 48. Kc5 Nf7 49. Neg5+ fxg5 50. Nxg5+ Nxg5 51. d8Q Ne6+ 52. Kd6 Nxd8 53. c7 Nf7+ 54. Kd5 Nd7 55. Ke6 Nb6 56. Kxf7 g5 57. Ke6 Kg8 58. Kf5 g4 59. Kxg4 Kf7 60. Kh5 Ke7 61. g4 Kd7 62. g5 Nd5 1/2-1/2

[Event "Sao Jose dos Pinhais U2200"]
[Site "Sao Jose dos Pinhais"]
[Date "2019.05.24"]
[Round "1"]
[White "Mascarello, Lucas Landoski"]
[Black "Canalli, Juliano Jose"]
[Result "0-1"]
[WhiteElo "1342"]
[BlackElo "1985"]
[PlyCount "52"]
[EventDate "2019.05.24"]
[EventType "swiss"]
[EventRounds "7"]
[EventCountry "BRA"]
[SourceTitle "EXT 2020"]
[Source "ChessBase"]
[SourceDate "2019.10.17"]
[SourceVersion "1"]
[SourceVersionDate "2019.10.17"]
[SourceQuality "1"]

1. e4 e6 2. d4 d5 3. Nd2 Nf6 4. e5 Nfd7 5. Bd3 c5 6. c3 Nc6 7. Ne2 cxd4 8. cxd4 f6 9. exf6 Nxf6 10. a3 Bd6 11. Nf3 0-0 12. 0-0 e5 13. dxe5 Nxe5 14. Nxe5 Bxe5 15. Nc3 Qc7 16. Nxd5 Nxd5 17. Bxh7+ Kxh7 18. Qxd5 Bxh2+ 19. Kh1 Qe5 20. Qd3+ Kg8 21. g3 Qh5 22. f4 Bxg3+ 23. Kg2 Qh3+ 24. Kf3 Bg4+ 25. Ke3 Bxf4+ 26. Kf2 Qxd3 0-1

[Event "Parana-ch"]
[Site "Curitiba"]
[Date "2018.11.24"]
[Round "5"]
[White "Mascarello, Lucas Landoski"]
[Black "Boutin Neto, Mauro Albano"]
[Result "1-0"]
[WhiteElo "1296"]
[BlackElo "1458"]
[PlyCount "111"]
[EventDate "2018.11.22"]
[EventType "swiss"]
[EventRounds "7"]
[EventCountry "BRA"]
[SourceTitle "CBM 187 Extra"]
[Source "ChessBase"]
[SourceDate "2018.11.04"]
[SourceVersion "1"]
[SourceVersionDate "2018.11.04"]
[SourceQuality "1"]

1. e4 c6 2. Nf3 d5 3. exd5 cxd5 4. c3 Nf6 5. d4 Nc6 6. Bb5 Bf5 7. Ne5 Qb6 8. Bxc6+ bxc6 9. Nd2 Qa6 10. g4 Bg6 11. Nxg6 hxg6 12. g5 Nd7 13. Qe2 Qxe2+ 14. Kxe2 e6 15. Nf3 Bd6 16. Bd2 c5 17. dxc5 Nxc5 18. Be3 Ke7 19. b4 Na4 20. Kd3 Nb2+ 21. Kc2 Nc4 22. Rae1 Rh3 23. Nd2 Nxe3+ 24. Rxe3 Rxh2 25. Rxh2 Bxh2 26. Re1 Bf4 27. Nf3 Rh8 28. a4 Bc7 29. Nd4 Kd7 30. a5 a6 31. Ra1 Rb8 32. Kb3 Be5 33. Ka4 Bxd4 34. cxd4 Kd6 35. f4 Rc8 36. Kb3 Rb8 37. Rc1 Kd7 38. Rc5 f6 39. Ka4 Kd6 40. b5 axb5+ 41. Rxb5 Rxb5 42. Kxb5 Kc7 43. a6 e5 44. dxe5 fxe5 45. fxe5 d4 46. Kc4 d3 47. Kxd3 Kb6 48. e6 Kxa6 49. e7 Kb6 50. e8Q Kc5 51. Qe5+ Kc6 52. Kc4 Kd7 53. Kd5 Kc8 54. Qxg7 Kb8 55. Kc6 Ka8 56. Qb7# 1-0

[Event "Curitiba Fexpar op 1st"]
[Site "Curitiba"]
[Date "2018.11.02"]
[Round "1"]
[White "Lopes, Aloisio Ponti"]
[Black "Mascarello, Lucas Landoski"]
[Result "1-0"]
[WhiteElo "1913"]
[BlackElo "1296"]
[PlyCount "91"]
[EventDate "2018.11.02"]
[EventType "swiss"]
[EventRounds "7"]
[EventCountry "BRA"]
[SourceTitle "EXT 2020"]
[Source "ChessBase"]
[SourceDate "2019.10.17"]
[SourceVersion "1"]
[SourceVersionDate "2019.10.17"]
[SourceQuality "1"]

1. Nf3 d5 2. c4 c6 3. b3 Bf5 4. g3 Nf6 5. Bg2 e6 6. 0-0 Be7 7. Bb2 Nbd7 8. Na3 Qb6 9. d3 a6 10. Qc1 Nh5 11. Nc2 Bf6 12. Bxf6 Nhxf6 13. Ne3 Bg6 14. Nh4 Nf8 15. Qa3 Bh5 16. Nf3 N8d7 17. Rac1 Qc5 18. Qxc5 Nxc5 19. cxd5 Nfd7 20. dxc6 bxc6 21. g4 Bg6 22. Nd4 0-0 23. Nxc6 h6 24. Ne7+ Kh7 25. Nxg6 Kxg6 26. d4 Nxb3 27. Bxa8 Nxc1 28. Be4+ f5 29. Rxc1 fxe4 30. Rc6 Rf6 31. Rxa6 Kg5 32. Rd6 Nf8 33. a4 h5 34. gxh5 Kxh5 35. a5 Rg6+ 36. Kf1 Rg5 37. d5 exd5 38. Rxd5 Rxd5 39. Nxd5 Nd7 40. a6 Kg5 41. a7 Kf5 42. a8Q Ke5 43. Qe8+ Kxd5 44. Qxd7+ Ke5 45. Kg2 Kf4 46. e3+ 1-0

[Event "Caioba Telecom op"]
[Site "Caioba"]
[Date "2018.08.04"]
[Round "8"]
[White "Borges, Leonardo Hisao Hera"]
[Black "Mascarello, Lucas Landoski"]
[Result "1-0"]
[WhiteElo "1655"]
[BlackElo "1260"]
[PlyCount "107"]
[EventDate "2018.08.01"]
[EventType "swiss"]
[EventRounds "9"]
[EventCountry "BRA"]
[SourceTitle "CBM 186 Extra"]
[Source "ChessBase"]
[SourceDate "2018.08.24"]
[SourceVersion "1"]
[SourceVersionDate "2018.08.24"]
[SourceQuality "1"]

1. Nf3 d5 2. g3 Nf6 3. Bg2 h6 4. 0-0 Bf5 5. c4 e6 6. d3 c6 7. Nbd2 Nbd7 8. Rb1 Be7 9. b4 Bh7 10. Bb2 Nb6 11. c5 Nbd7 12. Bc3 a6 13. Nb3 Qb8 14. a4 e5 15. Nfd2 d4 16. Ba1 Qc7 17. f4 Nd5 18. Bxd5 cxd5 19. fxe5 Nxe5 20. Nf3 Nc6 21. Nbxd4 Nxd4 22. Bxd4 0-0 23. Qb3 Rfd8 24. Rbc1 f6 25. a5 g5 26. c6 bxc6 27. Bb6 Qb7 28. Bxd8 Rxd8 29. Qc3 Rc8 30. Rb1 Qa7+ 31. Kg2 Bf5 32. Nd4 Bd7 33. Nf5 Bxf5 34. Rxf5 Qe3 35. Qc2 h5 36. Rf3 Qe6 37. Qd2 Rb8 38. Qe3 Qxe3 39. Rxe3 Kf7 40. d4 Rxb4 41. Rxb4 Bxb4 42. Rb3 Bxa5 43. Ra3 Bb6 44. Rxa6 Bxd4 45. Rxc6 Be5 46. Kf3 Kg6 47. Rc5 d4 48. Ke4 Bd6 49. Rd5 Be5 50. Rxe5 fxe5 51. Kxe5 h4 52. g4 h3 53. Kxd4 Kf6 54. Kd5 1-0

[Event "Maringa Parana-ch"]
[Site "Maringa"]
[Date "2018.02.03"]
[Round "6"]
[White "Da Silva, Marcos Henrique"]
[Black "Mascarello, Lucas Landoski"]
[Result "1-0"]
[WhiteElo "1018"]
[BlackElo "1800"]
[PlyCount "51"]
[EventDate "2018.01.31"]
[EventType "swiss"]
[EventRounds "8"]
[EventCountry "BRA"]
[SourceTitle "CBM 182 Extra"]
[Source "ChessBase"]
[SourceDate "2018.02.23"]
[SourceVersion "1"]
[SourceVersionDate "2018.02.23"]
[SourceQuality "1"]

1. e4 c6 2. Nc3 d5 3. Nf3 dxe4 4. Nxe4 Bf5 5. Ng3 Bg6 6. Bc4 Nd7 7. 0-0 a5 8. d4 b5 9. Bd3 Bxd3 10. Qxd3 g6 11. Ng5 Ngf6 12. N3e4 Bg7 13. a4 b4 14. Re1 h6 15. Nd6+ Kf8 16. Ngxf7 Qc7 17. Nxh8 Qxd6 18. Nxg6+ Kg8 19. Nxe7+ Kf8 20. Ng6+ Kg8 21. Bf4 Qd5 22. Ne7+ Kf7 23. Qg6+ Kf8 24. Nxd5 cxd5 25. Bd6+ Kg8 26. Re7 1-0

[Event "Maringa Parana-ch"]
[Site "Maringa"]
[Date "2018.01.31"]
[Round "1"]
[White "Mascarello, Lucas Landoski"]
[Black "Souza, Gustavo Horokoski"]
[Result "0-1"]
[WhiteElo "1800"]
[BlackElo "1976"]
[PlyCount "56"]
[EventDate "2018.01.31"]
[EventType "swiss"]
[EventRounds "8"]
[EventCountry "BRA"]
[SourceTitle "CBM 182 Extra"]
[Source "ChessBase"]
[SourceDate "2018.02.23"]
[SourceVersion "1"]
[SourceVersionDate "2018.02.23"]
[SourceQuality "1"]

1. e4 e6 2. d4 d5 3. Nd2 Nf6 4. e5 Nfd7 5. Bd3 c5 6. c3 Nc6 7. Ne2 cxd4 8. cxd4 f6 9. exf6 Nxf6 10. Nf3 Bd6 11. 0-0 0-0 12. a3 Bd7 13. Re1 Qc7 14. Bg5 Ne4 15. Bh4 Be8 16. Ng3 Nxg3 17. Bxg3 Bxg3 18. hxg3 Qe7 19. Qd2 h6 20. g4 Kh8 21. Re2 Rxf3 22. gxf3 Nxd4 23. Qe3 Nxe2+ 24. Qxe2 Bd7 25. f4 Qf6 26. Qe5 Rf8 27. Rc1 Bc6 28. f5 Qxe5 0-1